000 00505nam a2200229Ia 4500
003 OSt
005 20220924152405.0
006 a|||||r|||| 00| 0
007 ta
008 ori
024 _a342270
037 _cTextual
040 _aARTS
_cARTS
_bori
041 _2ori
_aori
082 _aQ2, 155C4
100 _aAanu Se.
_9226530
245 0 _aHindudharm shastra
260 _c1894
650 _aRELIGION
942 _hQ2, 155C4
_cTEXL
_2CC
999 _c469649
_d469649